Sajaktattic chintadharar etihash. (Record no. 241)
[ view plain ]
| 000 -LEADER | |
|---|---|
| fixed length control field | 00462cam a2200181ua 4500 |
| 008 - FIXED-LENGTH DATA ELEMENTS--GENERAL INFORMATION | |
| fixed length control field | 110328n ii |||gr||||Z||||||eng |
| 040 ## - CATALOGING SOURCE | |
| Transcribing agency | MAIN |
| 082 ## - DEWEY DECIMAL CLASSIFICATION NUMBER | |
| Classification number | 301 |
| 245 ## - TITLE STATEMENT | |
| Title | Sajaktattic chintadharar etihash. |
| Statement of responsibility, etc. | By Utpal Saikia. |
| 250 ## - EDITION STATEMENT | |
| Edition statement | 1st. |
| 260 ## - PUBLICATION, DISTRIBUTION, ETC. | |
| Place of publication, distribution, etc. | Gowahati.: |
| Name of publisher, distributor, etc. | Saraswati prakashan., |
| Date of publication, distribution, etc. | 2009. |
| 300 ## - PHYSICAL DESCRIPTION | |
| Extent | 248 p.:5 cm. |
| 700 1# - ADDED ENTRY--PERSONAL NAME | |
| Personal name | Saikia, Utpal., |
| 942 ## - ADDED ENTRY ELEMENTS (KOHA) | |
| Koha item type | Books |
| 653 ## - INDEX TERM--UNCONTROLLED | |
| Uncontrolled term | Sociology. |
| 653 ## - INDEX TERM--UNCONTROLLED | |
| Uncontrolled term | Samajtattic chintadharar etihakh. |
| Withdrawn status | Lost status | Damaged status | Not for loan | Home library | Current library | Shelving location | Date acquired | Total Checkouts | Full call number | Barcode | Date last seen | Date last checked out | Copy number | Price effective from | Koha item type |
|---|---|---|---|---|---|---|---|---|---|---|---|---|---|---|---|
| Central Library, Naharkatiya College | Central Library, Naharkatiya College | General Stacks | 19/09/2020 | 18 | 301 | SAI | 19162 | 16/08/2024 | 01/08/2024 | 1 | 19/09/2020 | Books |
